MARC details
| 000 -LEADER |
| fixed length control field |
02892cam a2200493 i 4500 |
| 003 - CONTROL NUMBER IDENTIFIER |
| control field |
PHURS |
| 005 - DATE AND TIME OF LATEST TRANSACTION |
| control field |
20221125083428.0 |
| 008 - FIXED-LENGTH DATA ELEMENTS--GENERAL INFORMATION |
| fixed length control field |
210819t20212021maua o 000 0 eng d |
| 040 ## - CATALOGING SOURCE |
| Original cataloging agency |
EYM |
| Language of cataloging |
eng |
| Description conventions |
rda |
| -- |
pn |
| Transcribing agency |
EYM |
| Modifying agency |
OCLCO |
| -- |
OCLCF |
| -- |
JSTOR |
| -- |
P@U |
| -- |
OCLCO |
| 020 ## - INTERNATIONAL STANDARD BOOK NUMBER |
| International Standard Book Number |
9781943208272 |
| Qualifying information |
open access |
| 020 ## - INTERNATIONAL STANDARD BOOK NUMBER |
| International Standard Book Number |
1943208271 |
| Qualifying information |
open access |
| 020 ## - INTERNATIONAL STANDARD BOOK NUMBER |
| Canceled/invalid ISBN |
9781943208265 |
| Qualifying information |
paperback book |
| 050 #4 - LIBRARY OF CONGRESS CALL NUMBER |
| Classification number |
F1938.5 |
| 245 04 - TITLE STATEMENT |
| Title |
The border of lights reader : |
| Remainder of title |
bearing witness to genocide in the Dominican Republic / |
| Statement of responsibility, etc. |
edited by Megan Jeanette Myers, Edward Paulino. |
| 264 #1 - PRODUCTION, PUBLICATION, DISTRIBUTION, MANUFACTURE, AND COPYRIGHT NOTICE |
| Place of production, publication, distribution, manufacture |
Amherst, Massachusetts : |
| Name of producer, publisher, distributor, manufacturer |
Amherst College Press, |
| Date of production, publication, distribution, manufacture, or copyright notice |
[2021] |
| 264 #4 - PRODUCTION, PUBLICATION, DISTRIBUTION, MANUFACTURE, AND COPYRIGHT NOTICE |
| Date of production, publication, distribution, manufacture, or copyright notice |
©2021 |
| 300 ## - PHYSICAL DESCRIPTION |
| Extent |
1 online resource (ix, 336 pages) : |
| Other physical details |
illustrations |
| 336 ## - CONTENT TYPE |
| Content type term |
text |
| Content type code |
txt |
| Source |
rdacontent |
| 337 ## - MEDIA TYPE |
| Media type term |
computer |
| Media type code |
c |
| Source |
rdamedia |
| 338 ## - CARRIER TYPE |
| Carrier type term |
online resource |
| Carrier type code |
cr |
| Source |
rdacarrier |
| 520 3# - SUMMARY, ETC. |
| Summary, etc. |
Border of Lights, a volunteer collective, returns each October to Dominican-Haitian border towns to bear witness to the 1937 Haitian Massacre ordered by Dominican dictator Rafael Leónidas Trujillo. This crime against humanity has never been acknowledged by the Dominican government and no memorial exists for its victims. A multimodal, multi-vocal space for activists, artists, scholars, and others connected to the BOL movement, The Border of Lights Reader provides an alternative to the dominant narrative that positions Dominicans and Haitians as eternal adversaries and ignores cross-border and collaborative histories. This innovative anthology asks large-scale, universal questions regarding historical memory and revisionism that countries around the world grapple with today. |
| 542 1# - INFORMATION RELATING TO COPYRIGHT STATUS |
| Copyright statement |
This work is licensed under the Creative Commons Attribution-Non-Commercial 4.0 International License |
| Uniform Resource Identifier |
https://creativecommons.org/licenses/by-nc/4.0 |
| 588 ## - SOURCE OF DESCRIPTION NOTE |
| Source of description note |
Description based on information from the publisher. |
| 590 ## - LOCAL NOTE (RLIN) |
| Local note |
JSTOR |
| Provenance (VM) [OBSOLETE] |
Books at JSTOR Open Access |
| 650 #0 - SUBJECT ADDED ENTRY--TOPICAL TERM |
| Topical term or geographic name entry element |
Genocide |
| Geographic subdivision |
Haiti |
| General subdivision |
History |
| Chronological subdivision |
20th century. |
| 650 #0 - SUBJECT ADDED ENTRY--TOPICAL TERM |
| Topical term or geographic name entry element |
Dominican-Haitian Conflict, 1937. |
| 651 #0 - SUBJECT ADDED ENTRY--GEOGRAPHIC NAME |
| Geographic name |
Haiti |
| General subdivision |
Relations |
| Geographic subdivision |
Dominican Republic. |
| 651 #0 - SUBJECT ADDED ENTRY--GEOGRAPHIC NAME |
| Geographic name |
Dominican Republic |
| General subdivision |
Relations |
| Geographic subdivision |
Haiti. |
| 650 #7 - SUBJECT ADDED ENTRY--TOPICAL TERM |
| Topical term or geographic name entry element |
HISTORY / General |
| 650 #7 - SUBJECT ADDED ENTRY--TOPICAL TERM |
| Topical term or geographic name entry element |
Genocide. |
| 650 #7 - SUBJECT ADDED ENTRY--TOPICAL TERM |
| Topical term or geographic name entry element |
International relations. |
| 651 #7 - SUBJECT ADDED ENTRY--GEOGRAPHIC NAME |
| Geographic name |
Dominican Republic. |
| 651 #7 - SUBJECT ADDED ENTRY--GEOGRAPHIC NAME |
| Geographic name |
Haiti. |
| 647 #7 - |
| -- |
Dominican-Haitian Conflict |
| -- |
(1937) |
| -- |
fast |
| -- |
(OCoLC)fst00896780 |
| 655 #0 - INDEX TERM--GENRE/FORM |
| Genre/form data or focus term |
Electronic books. |
| 655 #4 - INDEX TERM--GENRE/FORM |
| Genre/form data or focus term |
Electronic books. |
| 655 #7 - INDEX TERM--GENRE/FORM |
| Genre/form data or focus term |
History. |
| 700 1# - ADDED ENTRY--PERSONAL NAME |
| Personal name |
Myers, Megan Jeanette, |
| Dates associated with a name |
1988- |
| Relator term |
editor. |
| Authority record control number or standard number |
http://id.loc.gov/authorities/names/no2019028088 |
| 700 1# - ADDED ENTRY--PERSONAL NAME |
| Personal name |
Paulino, Edward, |
| Relator term |
editor. |
| Authority record control number or standard number |
http://id.loc.gov/authorities/names/n2015066451 |
| 710 2# - ADDED ENTRY--CORPORATE NAME |
| Corporate name or jurisdiction name as entry element |
Michigan Publishing (University of Michigan), |
| Relator term |
publisher. |
| Authority record control number or standard number |
http://id.loc.gov/authorities/names/no2016070860 |
| 856 40 - ELECTRONIC LOCATION AND ACCESS |
| Uniform Resource Identifier |
<a href="https://www.jstor.org/stable/10.3998/mpub.12278109">https://www.jstor.org/stable/10.3998/mpub.12278109</a> |
| 942 ## - ADDED ENTRY ELEMENTS (KOHA) |
| Source of classification or shelving scheme |
Library of Congress Classification |
| Koha item type |
E-Book |
| 994 ## - |
| -- |
92 |
| -- |
PHURS |